| 000 | 01410aam a2200517 4500 | ||
|---|---|---|---|
| 005 | 20251003153258.0 | ||
| 008 | 150902b2009 xxu||||| |||| 00| 0 spa d | ||
| 020 | _a9788497904711 | ||
| 041 | _aESP | ||
| 082 | _a363.25 F363i | ||
| 100 |
_aFernández Sánchez, Jesús I. _920779 |
||
| 245 | _aInvestigación criminal | ||
| 260 | _aEspaña | ||
| 260 | _bBosch | ||
| 260 | _c2009 | ||
| 300 | _a306 páginas | ||
| 490 | _aInvestigación Criminal | ||
| 650 | _aINVESTIGACIÓN CRIMINAL | ||
| 650 | _aCRIMINALÍSTICA | ||
| 650 | _aDELITOS | ||
| 650 | _aCRIMINOLOGÍA | ||
| 650 | _aHIPÓTESIS CRIMINAL | ||
| 650 | _aDERIVACIONES | ||
| 650 | _aINTERPRETACIÓN | ||
| 650 | _aINDICIOS | ||
| 650 | _aTESTIGO DEL DELITO | ||
| 650 | _aBIOLOGÍA FORENSE | ||
| 650 | _aTOMA DE MUESTRAS | ||
| 650 | _aASESINOS EN SERIE | ||
| 650 | _aFOTOGRAFÍA | ||
| 650 | _aDELITOS INFORMÁTICOS | ||
| 650 | _aRECONOCIMIENTO FOTOGRÁFICO | ||
| 650 | _aDIGITALIZACIÓN DE HUELLAS | ||
| 650 | _aFIRMA | ||
| 650 | _aHUELLA DE IDENTIDAD | ||
| 650 | _aGRAFOLOGÍA | ||
| 650 | _aBALÍSTICA FORENSE | ||
| 650 | _aBALÍSTICA IDENTIFICATIVA | ||
| 650 | _aINSPECCIÓN OCULAR | ||
| 650 | _aINVESTIGACIÓN DE INCENDIOS | ||
| 650 | _aCRIMINALIDAD ECONÓMICA | ||
| 650 | _aBLANQUEO DE CAPITALES | ||
| 650 | _aFINANCIACIÓN TERRORISTA | ||
| 650 | _aCRIMEN ORGANIZADO | ||
| 942 |
_cBK _2ddc |
||
| 999 |
_c769 _d769 |
||